000
00286nam a22001097a 4500
008
180806b xxu||||| |||| 00| 0 eng d
082
_a
813.52
245
_a
Introductory Adobe photoshop CS2 advanced
_c
Student data files
300
_a
16
_f
CD
440
_x
9781423971986
942
_2
ddc
_c
MX
999
_c
46832
_d
46832